| 000 | 00821nam a22002537a 4500 | ||
|---|---|---|---|
| 003 | OSt | ||
| 005 | 20260120073951.0 | ||
| 008 | 100322s2016 dr 000 0 spa d | ||
| 040 |
_aDO-SdBNP _bspa _cBNPHU |
||
| 082 | 4 |
_a203.1 _bJ91p _222 |
|
| 100 | 1 |
_aJuanes, Benigno _937920 |
|
| 245 | 1 | 0 |
_aProceso de la curación interior / _cBenigno Juanes . |
| 260 |
_aSanto Domingo : _bImprimatur, _c2016. |
||
| 300 |
_a241 p. : _c22 cm. |
||
| 490 |
_aTorrentes ; _v13 |
||
| 500 | _aIncluye referencias bibliográficas y notas a pie de las página | ||
| 590 | _aInventariado, 2021/ YL | ||
| 650 | 4 |
_aCuración (Religión, Folclor, etc.) _979474 |
|
| 650 | 0 |
_aVida espiritual _9268 |
|
| 650 | 0 |
_aVida cristiana _9668 |
|
| 830 |
_aTorrentes _n13 _978262 |
||
| 910 | _aYLOCKWARD/Validado. Control de calidad MFF | ||
| 942 |
_2ddc _cLBS1 |
||
| 999 |
_c49680 _d49680 |
||